| 000 | 00503nam a2200181Ia 4500 | ||
|---|---|---|---|
| 003 | OSt | ||
| 005 | 20251230122253.0 | ||
| 008 | 210210b1959 xxu||||| |||| 00| 0 eng d | ||
| 040 | _cAL | ||
| 041 | _aKannada | ||
| 082 | _a859/2145 | ||
| 100 |
_aSITARAMA SHASTRI (M V) _9158264 _dಸೀತಾರಾಮ ಶಾಸ್ತ್ರಿ |
||
| 245 |
_aKamana billu: _bಕಾಮನ ಬಿಲ್ಲು |
||
| 260 |
_aBengaluru _b- _c1959 |
||
| 690 |
_aKannada Fiction _9158265 |
||
| 906 | _a022858 | ||
| 942 |
_2ddc _cBK |
||
| 999 |
_c147554 _d147554 |
||